البارود عند المسلمين / (رقم التسجيلة. 9878)

تفاصيل مارك
000 -LEADER
fixed length control field 00688nam a22002057a 4500
005 - DATE AND TIME OF LATEST TRANSACTION
control field 20251108164338.0
008 - FIXED-LENGTH DATA ELEMENTS--GENERAL INFORMATION
fixed length control field 250721s1984 xx 000 0 ara d
082 14 - DEWEY DECIMAL CLASSIFICATION NUMBER
Classification number 683.4/بار
100 1# - MAIN ENTRY--PERSONAL NAME
Personal name كولان،
245 10 - TITLE STATEMENT
Title البارود عند المسلمين /
264 1# - PRODUCTION, PUBLICATION, DISTRIBUTION, MANUFACTURE, AND COPYRIGHT NOTICE
Place of production, publication, distribution, manufacture بيروت :
Name of producer, publisher, distributor, manufacturer دار الكتاب اللبناني - مكتبة المدرسه،
Date of production, publication, distribution, manufacture, or copyright notice 1984.
300 ## - PHYSICAL DESCRIPTION
Extent 95ص
490 0# - SERIES STATEMENT
Series statement كتب دائرة المعارف الإسلاميه ؛ 14
650 17 - SUBJECT ADDED ENTRY--TOPICAL TERM
Topical term or geographic name as entry element الحضارة الإسلامية
700 1# - ADDED ENTRY--PERSONAL NAME
Personal name خورشيد، إبراهيم
Relator term ترجمة
700 1# - ADDED ENTRY--PERSONAL NAME
Personal name يونس، عبد الحميد
700 1# - ADDED ENTRY--PERSONAL NAME
Personal name عثمان، حسن
942 ## - ADDED ENTRY ELEMENTS (KOHA)
Source of classification or shelving scheme Dewey Decimal Classification
Koha item type كتب
المقتنيات
حالة السحب حالة الفقدان مصدر التصنيف حالة التلف غير قابل للإعارة المكتبة الرئيسية المكتبة الحالية موقع الرف تاريخ التزويد الرقم المتسلسل Total Checkouts رقم الإستدعاء تاريخ آخر ظهور تاريخ الفاتورة نوع المادة (كوها) الباركود
    Dewey Decimal Classification Unchecked   مكتبة أم قصير والمقابلين العامة مكتبة أم قصير والمقابلين العامة الإعارة 06/07/2004 4048   683.4/بار 28/07/2025 06/07/2004 كتب  
    Dewey Decimal Classification     مكتبة وادي السير العامة مكتبة وادي السير العامة الأطفال 03/02/2016 [1179].   683.4/بار 28/07/2025 03/02/2016 كتب PLD00371414
Implemented & Customized by: BBB with SCIT (Smart Chains for Information Technology)

Powered by Koha